Statistics for Provinces and Districts of Western Sahara

Click here to take the quiz!

General Stats

  • This quiz has been taken 15 times
  • The average score is 3 of 29

Answer Stats

Previous SubdivisionTypeSubdivision% Correct
Western SaharaProvinceLaayoune
100%
Western SaharaProvinceAuserd
50%
Western SaharaProvinceDakhla
50%
LaayouneDistrictGuelta
50%
Western SaharaProvinceSmara
50%
AuserdDistrictAgüenit
0%
DakhlaDistrictAin Beida
0%
LaayouneDistrictAmgala
0%
DakhlaDistrictArgub
0%
DakhlaDistrictBin Enzaran
0%
AuserdDistrictBir Guenduz
0%
SmaraDistrictBir Lehlu
0%
DakhlaDistrictBojador
0%
LaayouneDistrictBucraa
0%
LaayouneDistrictDaora
0%
LaayouneDistrictEdchera
0%
SmaraDistrictEjdairia
0%
SmaraDistrictFarsia
0%
DakhlaDistrictGlaibat el Fula
0%
AuserdDistrictGüera
0%
LaayouneDistrictHagunia
0%
SmaraDistrictHauza
0%
DakhlaDistrictJrafia
0%
SmaraDistrictMahbes
0%
AuserdDistrictMijec
0%
AuserdDistrictTichla
0%
SmaraDistrictTifariti
0%
DakhlaDistrictUmdreiga
0%
AuserdDistrictZug
0%

Score Distribution

Percentile by Number Answered

Percent of People with Each Score

Your Score History

You have not taken this quiz